[Event "DVM U20 2016"]
[Site "Borken-Gemen GER"]
[Date "2016.12.28"]
[Round "3"]
[White "Tibke, Jonas"]
[Black "Rieper, Julian"]
[Result "0-1"]
[Termination "normal"]
[Board "1.3"]
[WhiteElo "1866"]
[BlackElo "2029"]
[WhiteClock "00:18:06"]
[BlackClock "00:27:16"]
[WhiteTeam "SF Darmstadt"]
[BlackTeam "SK Doppelbauer Kiel"]
[PlyCount "96"]
[WhiteFideId "12928356"]
[BlackFideId "12936960"]
[EventCountry "GER"]
[EventRounds "7"]
[EventType "team-swiss"]
[EventDate "2016.12.26"]

1. d4 {[%clk 1:30:57]} d5 {[%clk 1:28:40]} 2. c4 {[%clk 1:31:21]} c6 {[%clk
1:29:07]} 3. cxd5 {[%clk 1:31:47]} cxd5 {[%clk 1:28:56]} 4. Bf4 {[%clk
1:32:11]} Nc6 {[%clk 1:28:24]} 5. e3 {[%clk 1:32:30]} Nf6 {[%clk 1:26:07]} 6.
Bd3 {[%clk 1:31:05]} e6 {[%clk 1:24:05]} 7. Nc3 {[%clk 1:27:26]} a6 {[%clk
1:20:39]} 8. Nf3 {[%clk 1:24:58]} Be7 {[%clk 1:18:27]} 9. Rc1 {[%clk 1:21:20]}
Nh5 {[%clk 1:15:49]} 10. Be5 {[%clk 1:13:39]} Nxe5 {[%clk 1:09:09]} 11. Nxe5
{[%clk 1:14:06]} Nf6 {[%clk 1:09:09]} 12. f4 {[%clk 1:11:38]} O-O {[%clk
0:46:14]} 13. O-O {[%clk 0:49:33]} Nd7 {[%clk 0:32:19]} 14. Qh5 {[%clk
0:34:00]} f5 {[%clk 0:24:26]} 15. Nxd7 {[%clk 0:30:19]} Bxd7 {[%clk 0:24:02]}
16. Qd1 {[%clk 0:30:08]} b5 {[%clk 0:22:07]} 17. a3 {[%clk 0:28:25]} Qa5 {[%clk
0:19:17]} 18. Na2 {[%clk 0:21:33]} Rfc8 {[%clk 0:18:19]} 19. Qe1 {[%clk
0:17:36]} Qb6 {[%clk 0:16:18]} 20. Qd2 {[%clk 0:17:16]} a5 {[%clk 0:15:38]} 21.
Rxc8+ {[%clk 0:15:31]} Bxc8 {[%clk 0:15:38]} 22. b4 {[%clk 0:11:49]} axb4
{[%clk 0:14:36]} 23. axb4 {[%clk 0:12:16]} Qa6 {[%clk 0:13:57]} 24. Rf2 {[%clk
0:12:25]} Bd7 {[%clk 0:13:33]} 25. Qb2 {[%clk 0:11:23]} Qa3 {[%clk 0:11:44]}
26. Nc3 {[%clk 0:08:30]} Bxb4 {[%clk 0:09:19]} 27. Qxa3 {[%clk 0:07:39]} Rxa3
{[%clk 0:08:33]} 28. Bxb5 {[%clk 0:08:06]} Bxb5 {[%clk 0:08:31]} 29. Nxb5
{[%clk 0:08:30]} Rxe3 {[%clk 0:08:44]} 30. Rb2 {[%clk 0:07:56]} Be7 {[%clk
0:08:45]} 31. Kf2 {[%clk 0:08:06]} Re4 {[%clk 0:08:31]} 32. g3 {[%clk 0:07:47]}
h6 {[%clk 0:08:11]} 33. Rd2 {[%clk 0:04:57]} Bf6 {[%clk 0:07:12]} 34. Rd1
{[%clk 0:04:17]} Kh7 {[%clk 0:06:06]} 35. Kf3 {[%clk 0:04:24]} g5 {[%clk
0:05:37]} 36. h3 {[%clk 0:03:14]} Kg6 {[%clk 0:05:29]} 37. Nc7 {[%clk 0:02:26]}
Bd8 {[%clk 0:02:21]} 38. Nb5 {[%clk 0:02:30]} Bb6 {[%clk 0:02:28]} 39. Rd3
{[%clk 0:01:55]} Kf6 {[%clk 0:02:26]} 40. Re3 {[%clk 0:00:33]} Bxd4 {[%clk
0:01:47]} 41. Nxd4 {[%clk 0:29:01]} Rxd4 {[%clk 0:32:34]} 42. Rc3 {[%clk
0:28:18]} Re4 {[%clk 0:31:40]} 43. Ra3 {[%clk 0:21:59]} Rc4 {[%clk 0:29:54]}
44. Ke3 {[%clk 0:19:55]} d4+ {[%clk 0:27:33]} 45. Kd2 {[%clk 0:17:45]} Rc3
{[%clk 0:26:51]} 46. Rxc3 {[%clk 0:17:39]} dxc3+ {[%clk 0:27:16]} 47. Kxc3
{[%clk 0:18:06]} gxf4 48. Kd4 Ke5+ 0-1

[Event "DVM U20 2016"]
[Site "Borken-Gemen GER"]
[Date "2016.12.28"]
[Round "3"]
[White "Wanner, Lukas"]
[Black "Wiewesiek, Timo"]
[Result "1/2-1/2"]
[Termination "normal"]
[Board "1.4"]
[WhiteElo "2020"]
[BlackElo "1903"]
[WhiteClock "00:06:42"]
[BlackClock "00:01:36"]
[WhiteTeam "SK Doppelbauer Kiel"]
[BlackTeam "SF Darmstadt"]
[PlyCount "129"]
[WhiteFideId "12918148"]
[BlackFideId "12920193"]
[EventCountry "GER"]
[EventRounds "7"]
[EventType "team-swiss"]
[EventDate "2016.12.26"]

1. e4 {[%clk 1:30:57]} c6 {[%clk 1:30:56]} 2. d4 {[%clk 1:31:05]} d5 {[%clk
1:31:18]} 3. f3 {[%clk 1:31:28]} e6 {[%clk 1:31:36]} 4. Nc3 {[%clk 1:28:53]}
Nf6 {[%clk 1:30:59]} 5. e5 {[%clk 1:25:54]} Nfd7 {[%clk 1:31:14]} 6. f4 {[%clk
1:23:08]} c5 {[%clk 1:28:56]} 7. Nf3 {[%clk 1:23:03]} Nc6 {[%clk 1:23:17]} 8.
Ne2 {[%clk 1:22:11]} b5 {[%clk 1:05:42]} 9. g3 {[%clk 1:15:50]} Qb6 {[%clk
1:01:04]} 10. Be3 {[%clk 1:12:56]} a6 {[%clk 0:50:53]} 11. Bh3 {[%clk 1:09:46]}
g6 {[%clk 0:48:45]} 12. O-O {[%clk 1:08:49]} b4 {[%clk 0:37:05]} 13. g4 {[%clk
1:04:02]} cxd4 {[%clk 0:29:06]} 14. Nexd4 {[%clk 1:04:09]} Nxd4 {[%clk
0:29:10]} 15. Nxd4 {[%clk 1:04:22]} Bc5 {[%clk 0:27:03]} 16. Rc1 {[%clk
0:56:47]} O-O {[%clk 0:24:03]} 17. Bg2 {[%clk 0:45:09]} Bb7 {[%clk 0:16:56]}
18. g5 {[%clk 0:43:50]} Nb8 {[%clk 0:14:03]} 19. c3 {[%clk 0:39:36]} Nc6 {[%clk
0:12:33]} 20. Rf3 {[%clk 0:32:53]} Bxd4 {[%clk 0:11:34]} 21. cxd4 {[%clk
0:30:53]} Rac8 {[%clk 0:10:21]} 22. b3 {[%clk 0:27:09]} Na7 {[%clk 0:08:07]}
23. Rc5 {[%clk 0:20:20]} Nb5 {[%clk 0:08:02]} 24. Rh3 {[%clk 0:19:35]} Nc3
{[%clk 0:06:37]} 25. Qe1 {[%clk 0:17:41]} Kg7 {[%clk 0:05:53]} 26. Qh4 {[%clk
0:15:18]} Rh8 {[%clk 0:06:22]} 27. Qh6+ {[%clk 0:15:19]} Kg8 {[%clk 0:06:51]}
28. Bf3 {[%clk 0:13:19]} Rxc5 {[%clk 0:05:27]} 29. dxc5 {[%clk 0:13:47]} Qa5
{[%clk 0:05:25]} 30. f5 {[%clk 0:11:10]} Qd8 {[%clk 0:03:42]} 31. f6 {[%clk
0:09:49]} Qf8 {[%clk 0:04:04]} 32. Qh4 {[%clk 0:09:38]} Nxa2 {[%clk 0:03:20]}
33. Rg3 {[%clk 0:07:28]} a5 {[%clk 0:02:35]} 34. Rg2 {[%clk 0:06:08]} Nc3
{[%clk 0:02:59]} 35. Rc2 {[%clk 0:05:32]} Bc6 {[%clk 0:02:26]} 36. Bg2 {[%clk
0:04:59]} Bb5 {[%clk 0:01:45]} 37. Bf1 {[%clk 0:03:46]} Bxf1 {[%clk 0:01:52]}
38. Kxf1 {[%clk 0:04:15]} h5 {[%clk 0:01:26]} 39. gxh6 {[%clk 0:04:43]} Qb8
{[%clk 0:01:31]} 40. Kg2 {[%clk 0:02:19]} Qxe5 {[%clk 0:00:47]} 41. Bd4 {[%clk
0:27:21]} Qf5 {[%clk 0:24:24]} 42. Rf2 {[%clk 0:25:03]} Qe4+ {[%clk 0:22:33]}
43. Qxe4 {[%clk 0:25:18]} Nxe4 {[%clk 0:17:36]} 44. Ra2 {[%clk 0:25:09]} Kh7
{[%clk 0:17:00]} 45. Rxa5 {[%clk 0:25:10]} Rc8 {[%clk 0:15:05]} 46. Ra7 {[%clk
0:22:43]} Nxc5 {[%clk 0:13:31]} 47. Rxf7+ {[%clk 0:22:56]} Kxh6 {[%clk
0:12:06]} 48. Be3+ {[%clk 0:20:04]} g5 {[%clk 0:08:29]} 49. Rg7 {[%clk
0:19:55]} Ne4 {[%clk 0:08:16]} 50. h4 {[%clk 0:19:34]} Nxf6 {[%clk 0:08:15]}
51. Rxg5 {[%clk 0:19:56]} Kh7 {[%clk 0:08:20]} 52. Bd4 {[%clk 0:18:31]} Ne4
{[%clk 0:07:14]} 53. Rg7+ {[%clk 0:18:57]} Kh6 {[%clk 0:07:29]} 54. Re7 {[%clk
0:18:42]} Rg8+ {[%clk 0:05:59]} 55. Kf3 {[%clk 0:17:59]} Nd2+ {[%clk 0:06:00]}
56. Ke2 {[%clk 0:14:02]} Nxb3 {[%clk 0:05:47]} 57. Rxe6+ {[%clk 0:14:20]} Rg6
{[%clk 0:05:55]} 58. Be3+ {[%clk 0:14:22]} Kh5 {[%clk 0:05:23]} 59. Re5+ {[%clk
0:14:20]} Kxh4 {[%clk 0:05:32]} 60. Rxd5 {[%clk 0:14:44]} Ra6 {[%clk 0:03:19]}
61. Rb5 {[%clk 0:14:26]} Ra4 {[%clk 0:02:50]} 62. Kd3 {[%clk 0:13:13]} Na5
{[%clk 0:02:17]} 63. Bb6 {[%clk 0:11:19]} Ra3+ {[%clk 0:01:41]} 64. Ke2 {[%clk
0:09:55]} Nc6 {[%clk 0:01:36]} 65. Kd2 {[%clk 0:06:42]} 1/2-1/2

[Event "DVM U20 2016"]
[Site "Borken-Gemen GER"]
[Date "2016.12.28"]
[Round "3"]
[White "Dittmar, Lars"]
[Black "Nahnsen, Kenneth"]
[Result "1-0"]
[Termination "normal"]
[Board "1.5"]
[WhiteElo "1826"]
[BlackElo "2024"]
[WhiteClock "00:19:09"]
[BlackClock "00:14:00"]
[WhiteTeam "SF Darmstadt"]
[BlackTeam "SK Doppelbauer Kiel"]
[PlyCount "102"]
[WhiteFideId "12921505"]
[BlackFideId "12957119"]
[EventCountry "GER"]
[EventRounds "7"]
[EventType "team-swiss"]
[EventDate "2016.12.26"]

1. e4 {[%clk 1:30:58]} c5 {[%clk 1:30:55]} 2. Nf3 {[%clk 1:31:25]} Nc6 {[%clk
1:31:21]} 3. d4 {[%clk 1:31:51]} cxd4 {[%clk 1:31:47]} 4. Nxd4 {[%clk 1:32:18]}
Nf6 {[%clk 1:32:03]} 5. Nc3 {[%clk 1:31:51]} e5 {[%clk 1:32:28]} 6. Ndb5 {[%clk
1:31:13]} d6 {[%clk 1:32:52]} 7. Nd5 {[%clk 1:25:49]} Nxd5 {[%clk 1:33:15]} 8.
exd5 {[%clk 1:26:17]} Nb8 {[%clk 1:33:04]} 9. c4 {[%clk 1:25:53]} Be7 {[%clk
1:28:46]} 10. Bd3 {[%clk 1:25:28]} a6 {[%clk 1:28:01]} 11. Nc3 {[%clk 1:25:49]}
O-O {[%clk 1:28:25]} 12. O-O {[%clk 1:25:52]} f5 {[%clk 1:28:13]} 13. f3 {[%clk
1:25:16]} Nd7 {[%clk 1:28:13]} 14. Be3 {[%clk 1:23:59]} Nf6 {[%clk 1:20:47]}
15. b4 {[%clk 1:23:21]} f4 {[%clk 1:21:13]} 16. Bf2 {[%clk 1:23:24]} g5 {[%clk
1:20:43]} 17. c5 {[%clk 1:22:02]} Kh8 {[%clk 1:20:23]} 18. Be4 {[%clk 1:17:49]}
g4 {[%clk 1:15:16]} 19. a4 {[%clk 1:09:10]} g3 {[%clk 1:12:08]} 20. hxg3 {[%clk
1:04:36]} fxg3 {[%clk 1:12:33]} 21. Bxg3 {[%clk 1:01:06]} Rg8 {[%clk 1:12:59]}
22. Bh2 {[%clk 0:59:28]} Bh3 {[%clk 1:06:05]} 23. Ra2 {[%clk 0:57:20]} dxc5
{[%clk 0:57:05]} 24. Bxe5 {[%clk 0:53:08]} Bd6 {[%clk 0:57:13]} 25. Bxd6 {[%clk
0:48:14]} Qxd6 {[%clk 0:52:46]} 26. Rff2 {[%clk 0:37:37]} cxb4 {[%clk 0:51:03]}
27. Ne2 {[%clk 0:36:45]} Rg7 {[%clk 0:40:50]} 28. Kh1 {[%clk 0:32:27]} Bd7
{[%clk 0:28:06]} 29. Qb3 {[%clk 0:25:20]} Qc5 {[%clk 0:22:35]} 30. Rf1 {[%clk
0:22:30]} Rg5 {[%clk 0:15:55]} 31. Nf4 {[%clk 0:19:47]} Nh5 {[%clk 0:14:29]}
32. Ne2 {[%clk 0:19:19]} Re8 {[%clk 0:09:58]} 33. Rc2 {[%clk 0:16:45]} Qb6
{[%clk 0:09:51]} 34. Rc4 {[%clk 0:09:30]} Qh6 {[%clk 0:06:02]} 35. Kg1 {[%clk
0:09:21]} Reg8 {[%clk 0:06:09]} 36. Rf2 {[%clk 0:09:03]} Qb6 {[%clk 0:05:32]}
37. f4 {[%clk 0:08:05]} R5g7 {[%clk 0:05:07]} 38. Qxb4 {[%clk 0:07:34]} Qe3
{[%clk 0:04:20]} 39. Qc3 {[%clk 0:07:45]} Qb6 {[%clk 0:03:04]} 40. a5 {[%clk
0:06:22]} Qd6 {[%clk 0:02:27]} 41. Qe5 {[%clk 0:04:28]} Qh6 {[%clk 0:00:36]}
42. d6 {[%clk 0:00:51]} Bb5 {[%clk 0:25:28]} 43. Rc7 {[%clk 0:30:34]} Re8
{[%clk 0:20:19]} 44. Re7 {[%clk 0:25:18]} Nf6 {[%clk 0:19:47]} 45. Nd4 {[%clk
0:21:04]} Rexe7 {[%clk 0:16:30]} 46. dxe7 {[%clk 0:21:25]} Ng4 {[%clk 0:16:55]}
47. e8=Q+ {[%clk 0:21:47]} Bxe8 {[%clk 0:17:21]} 48. Qxe8+ {[%clk 0:22:09]} Rg8
{[%clk 0:17:48]} 49. Qe7 {[%clk 0:18:18]} Qh2+ {[%clk 0:13:07]} 50. Kf1 {[%clk
0:18:43]} Qh1+ {[%clk 0:13:33]} 51. Ke2 {[%clk 0:19:09]} Qg1 {[%clk 0:14:00]}
1-0

[Event "DVM U20 2016"]
[Site "Borken-Gemen GER"]
[Date "2016.12.28"]
[Round "3"]
[White "Mieck, Jale"]
[Black "Tampe, Alexander"]
[Result "0-1"]
[Termination "normal"]
[Board "1.6"]
[WhiteElo "1933"]
[BlackElo "1681"]
[WhiteClock "00:54:29"]
[BlackClock "00:43:58"]
[WhiteTeam "SK Doppelbauer Kiel"]
[BlackTeam "SF Darmstadt"]
[PlyCount "68"]
[WhiteFideId "12936871"]
[BlackFideId "12921572"]
[EventCountry "GER"]
[EventRounds "7"]
[EventType "team-swiss"]
[EventDate "2016.12.26"]

1. e4 {[%clk 1:30:30]} e5 {[%clk 1:30:30]} 2. Bc4 {[%clk 1:30:56]} Nf6 {[%clk
1:31:01]} 3. Nc3 {[%clk 1:31:47]} Bc5 {[%clk 1:31:01]} 4. d3 {[%clk 1:32:10]}
d6 {[%clk 1:30:10]} 5. Na4 {[%clk 1:31:25]} Bb6 {[%clk 1:24:46]} 6. Nxb6 {[%clk
1:31:26]} axb6 {[%clk 1:25:04]} 7. f4 {[%clk 1:31:47]} exf4 {[%clk 1:22:33]} 8.
Bxf4 {[%clk 1:31:54]} Be6 {[%clk 1:22:56]} 9. Bxe6 {[%clk 1:30:56]} fxe6 {[%clk
1:23:22]} 10. Nf3 {[%clk 1:30:55]} e5 {[%clk 1:23:45]} 11. Bg3 {[%clk 1:30:50]}
Nbd7 {[%clk 1:23:34]} 12. O-O {[%clk 1:30:55]} O-O {[%clk 1:23:59]} 13. Nh4
{[%clk 1:29:43]} Nc5 {[%clk 1:21:32]} 14. Nf5 {[%clk 1:28:57]} Ne6 {[%clk
1:21:36]} 15. c3 {[%clk 1:28:56]} Kh8 {[%clk 1:21:17]} 16. Qe2 {[%clk 1:28:54]}
Qd7 {[%clk 1:21:03]} 17. a3 {[%clk 1:28:43]} g6 {[%clk 1:09:03]} 18. Ne3 {[%clk
1:27:12]} Rf7 {[%clk 1:05:44]} 19. Bh4 {[%clk 1:20:58]} Raf8 {[%clk 1:04:27]}
20. Rad1 {[%clk 1:15:24]} Nf4 {[%clk 0:48:14]} 21. Qc2 {[%clk 1:15:09]} Ng4
{[%clk 0:48:06]} 22. Qd2 {[%clk 0:52:27]} Nxe3 {[%clk 0:44:55]} 23. Qxe3 {[%clk
0:52:52]} Qg4 {[%clk 0:45:02]} 24. g3 {[%clk 0:52:26]} Nh3+ {[%clk 0:44:50]}
25. Kg2 {[%clk 0:52:48]} Rf2+ {[%clk 0:45:05]} 26. Rxf2 {[%clk 0:52:59]} Rxf2+
{[%clk 0:45:27]} 27. Qxf2 {[%clk 0:53:22]} Nxf2 {[%clk 0:45:47]} 28. Rd2 {[%clk
0:53:21]} Nxd3 {[%clk 0:43:27]} 29. Bd8 {[%clk 0:53:10]} Qxe4+ {[%clk 0:42:59]}
30. Kh3 {[%clk 0:53:32]} Qf5+ {[%clk 0:42:49]} 31. Kg2 {[%clk 0:53:53]} Ne1+
{[%clk 0:43:12]} 32. Kh1 {[%clk 0:54:01]} Qe4+ {[%clk 0:43:35]} 33. Kg1 {[%clk
0:54:29]} Nf3+ {[%clk 0:43:58]} 34. Kh1 Ne1+ 0-1

[Event "DVM U20 2016"]
[Site "Borken-Gemen GER"]
[Date "2016.12.28"]
[Round "3"]
[White "Ruff, Maximilian"]
[Black "Noe, Christopher"]
[Result "0-1"]
[Termination "normal"]
[Board "2.1"]
[WhiteTitle "FM"]
[BlackTitle "IM"]
[WhiteElo "2228"]
[BlackElo "2434"]
[WhiteTeam "SF Sasbach"]
[BlackTeam "SC Eppingen"]
[PlyCount "84"]
[WhiteFideId "1271670"]
[BlackFideId "24692018"]
[EventCountry "GER"]
[EventRounds "7"]
[EventType "team-swiss"]
[EventDate "2016.12.26"]

1. d4 d5 2. c4 dxc4 3. e3 e5 4. Bxc4 exd4 5. exd4 Nf6 6. Nf3 Bd6 7. O-O O-O 8.
Nc3 Nbd7 9. Bg5 Nb6 10. Bb3 Re8 11. Qd3 h6 12. Bxh6 gxh6 13. Qg6+ Kh8 14. Bxf7
Bf8 15. Bxe8 Nxe8 16. Ne4 Qe7 17. Rfe1 Qe6 18. Qg3 Qg8 19. Qf4 Nd5 20. Qe5+ Bg7
21. Qh5 Nef6 22. Nxf6 Nxf6 23. Qg6 Be6 24. Ne5 Nd5 25. Qe4 Bf6 26. Ng6+ Kg7 27.
Nh4 Ne7 28. Re3 Bxh4 29. Qxh4 Nf5 30. Qg4+ Kh8 31. Qxg8+ Bxg8 32. Re5 Nxd4 33.
Re7 Rc8 34. Rae1 Bxa2 35. Rd7 Ne6 36. Ra1 Bc4 37. Rxa7 Ba6 38. b4 Nd8 39. b5
Bxb5 40. Rd2 Ba6 41. Rc2 c5 42. Ra2 c4 0-1

[Event "DVM U20 2016"]
[Site "Borken-Gemen GER"]
[Date "2016.12.28"]
[Round "3"]
[White "Hacker, Jonas"]
[Black "Ehmann, Thilo"]
[Result "1/2-1/2"]
[Termination "normal"]
[Board "2.2"]
[WhiteTitle "FM"]
[BlackTitle "FM"]
[WhiteElo "2369"]
[BlackElo "2272"]
[WhiteClock "00:00:35"]
[BlackClock "00:17:13"]
[WhiteTeam "SC Eppingen"]
[BlackTeam "SF Sasbach"]
[PlyCount "136"]
[WhiteFideId "1270968"]
[BlackFideId "12940968"]
[EventCountry "GER"]
[EventRounds "7"]
[EventType "team-swiss"]
[EventDate "2016.12.26"]

1. e4 {[%clk 1:30:59]} c5 {[%clk 1:30:55]} 2. Nf3 {[%clk 1:31:22]} a6 {[%clk
1:31:23]} 3. c3 {[%clk 1:30:18]} Qa5 {[%clk 1:31:19]} 4. Bd3 {[%clk 1:24:56]}
b5 {[%clk 1:31:00]} 5. Bc2 {[%clk 1:24:25]} Bb7 {[%clk 1:31:11]} 6. O-O {[%clk
1:24:17]} Nf6 {[%clk 1:31:05]} 7. Re1 {[%clk 1:23:18]} e6 {[%clk 1:29:56]} 8.
d4 {[%clk 1:17:41]} d6 {[%clk 1:28:48]} 9. Nbd2 {[%clk 1:09:53]} Qc7 {[%clk
1:27:08]} 10. Nf1 {[%clk 1:06:19]} Nbd7 {[%clk 1:26:50]} 11. Ng3 {[%clk
1:04:00]} e5 {[%clk 1:21:06]} 12. d5 {[%clk 1:03:11]} g6 {[%clk 1:21:31]} 13.
b3 {[%clk 1:01:54]} Bg7 {[%clk 1:21:38]} 14. a4 {[%clk 0:56:46]} O-O {[%clk
1:20:56]} 15. Bg5 {[%clk 0:49:51]} Nb6 {[%clk 1:12:01]} 16. a5 {[%clk 0:46:07]}
Nc8 {[%clk 1:11:32]} 17. c4 {[%clk 0:45:58]} b4 {[%clk 1:10:34]} 18. Qd2 {[%clk
0:43:28]} h5 {[%clk 1:05:46]} 19. Nh4 Nh7 {[%clk 0:50:13]} 20. Bh6 {[%clk
0:30:59]} Qd8 {[%clk 0:49:49]} 21. Nf3 {[%clk 0:28:16]} h4 22. Nf1 {[%clk
0:26:51]} h3 {[%clk 0:43:35]} 23. g3 {[%clk 0:25:47]} Ne7 {[%clk 0:40:44]} 24.
Bxg7 {[%clk 0:21:46]} Kxg7 {[%clk 0:40:26]} 25. Ng5 {[%clk 0:21:51]} Nxg5
{[%clk 0:38:38]} 26. Qxg5 {[%clk 0:21:04]} f6 {[%clk 0:38:45]} 27. Qd2 {[%clk
0:20:36]} f5 {[%clk 0:23:09]} 28. f4 {[%clk 0:15:29]} fxe4 {[%clk 0:19:53]} 29.
Bxe4 {[%clk 0:11:57]} exf4 {[%clk 0:19:43]} 30. gxf4 {[%clk 0:12:08]} Bc8
{[%clk 0:18:39]} 31. Ng3 {[%clk 0:10:10]} Bg4 {[%clk 0:18:37]} 32. Bd3 {[%clk
0:06:21]} Qd7 {[%clk 0:12:11]} 33. Re3 {[%clk 0:04:07]} Nf5 {[%clk 0:05:46]}
34. Bxf5 {[%clk 0:03:08]} Bxf5 {[%clk 0:06:00]} 35. Rae1 {[%clk 0:02:10]} Rae8
{[%clk 0:06:10]} 36. Rxe8 {[%clk 0:01:20]} Rxe8 {[%clk 0:06:31]} 37. Nxf5+
{[%clk 0:00:52]} gxf5 {[%clk 0:06:57]} 38. Kf2 {[%clk 0:00:57]} Re4 {[%clk
0:06:33]} 39. Rxe4 {[%clk 0:00:38]} fxe4 {[%clk 0:06:56]} 40. Qe3 {[%clk
0:00:33]} Qf5 {[%clk 0:02:38]} 41. Qg3+ {[%clk 0:28:16]} Kf7 {[%clk 0:21:49]}
42. Ke3 {[%clk 0:25:50]} Qf6 {[%clk 0:19:48]} 43. Kxe4 {[%clk 0:25:20]} Qd4+
{[%clk 0:19:34]} 44. Kf5 {[%clk 0:21:57]} Qf6+ {[%clk 0:19:52]} 45. Kg4 {[%clk
0:21:04]} Qg6+ {[%clk 0:19:59]} 46. Kxh3 {[%clk 0:21:27]} Qh5+ {[%clk 0:20:26]}
47. Qh4 {[%clk 0:21:01]} Qf3+ {[%clk 0:20:48]} 48. Qg3 {[%clk 0:21:22]} Qh5+
{[%clk 0:21:09]} 49. Kg2 {[%clk 0:21:47]} Qe2+ {[%clk 0:21:13]} 50. Kg1 {[%clk
0:19:14]} Qd1+ {[%clk 0:21:36]} 51. Kf2 {[%clk 0:19:11]} Qd2+ {[%clk 0:21:22]}
52. Kf1 {[%clk 0:17:57]} Qd1+ {[%clk 0:21:33]} 53. Qe1 {[%clk 0:17:13]} Qf3+
{[%clk 0:21:43]} 54. Kg1 {[%clk 0:17:24]} Qg4+ {[%clk 0:22:07]} 55. Kf2 {[%clk
0:16:27]} Qh4+ {[%clk 0:22:27]} 56. Ke2 {[%clk 0:15:52]} Qxh2+ {[%clk 0:22:48]}
57. Qf2 {[%clk 0:14:01]} Qh8 {[%clk 0:21:45]} 58. Qe3 {[%clk 0:11:43]} Qh2+
{[%clk 0:21:38]} 59. Kd3 {[%clk 0:10:36]} Qh7+ {[%clk 0:21:46]} 60. Kd2 {[%clk
0:09:36]} Qh2+ {[%clk 0:22:05]} 61. Kc1 {[%clk 0:09:29]} Qh1+ {[%clk 0:22:08]}
62. Kc2 {[%clk 0:07:39]} Qg2+ {[%clk 0:21:51]} 63. Kb1 {[%clk 0:05:51]} Qh1+
{[%clk 0:20:35]} 64. Qc1 {[%clk 0:05:47]} Qf3 {[%clk 0:19:18]} 65. Ka2 {[%clk
0:04:26]} Qf2+ {[%clk 0:19:40]} 66. Ka1 {[%clk 0:04:38]} Kf6 {[%clk 0:18:41]}
67. f5 {[%clk 0:01:12]} Qxf5 {[%clk 0:17:37]} 68. Ka2 {[%clk 0:00:35]} Qf2+
{[%clk 0:17:13]} 1/2-1/2

[Event "DVM U20 2016"]
[Site "Borken-Gemen GER"]
[Date "2016.12.28"]
[Round "3"]
[White "Riehle, Marco"]
[Black "Gibicar, Danijel"]
[Result "0-1"]
[Termination "normal"]
[Board "2.3"]
[BlackTitle "FM"]
[WhiteElo "2303"]
[BlackElo "2264"]
[WhiteClock "00:25:51"]
[BlackClock "00:07:15"]
[WhiteTeam "SF Sasbach"]
[BlackTeam "SC Eppingen"]
[PlyCount "60"]
[WhiteFideId "12904392"]
[BlackFideId "24660256"]
[EventCountry "GER"]
[EventRounds "7"]
[EventType "team-swiss"]
[EventDate "2016.12.26"]

1. e4 {[%clk 1:30:35]} e6 {[%clk 1:30:38]} 2. d4 {[%clk 1:30:53]} d5 {[%clk
1:31:03]} 3. exd5 {[%clk 1:31:20]} exd5 {[%clk 1:31:26]} 4. Nf3 {[%clk
1:31:46]} Nf6 {[%clk 1:30:59]} 5. c4 {[%clk 1:31:11]} Bb4+ {[%clk 1:30:50]} 6.
Nc3 {[%clk 1:29:39]} O-O {[%clk 1:31:04]} 7. Bd3 {[%clk 1:29:01]} dxc4 {[%clk
1:30:51]} 8. Bxc4 {[%clk 1:29:17]} Bg4 {[%clk 1:30:37]} 9. O-O {[%clk 1:27:35]}
Nc6 {[%clk 1:25:04]} 10. Bg5 {[%clk 1:27:12]} h6 {[%clk 1:23:58]} 11. Be3
{[%clk 1:25:08]} Rb8 {[%clk 1:23:27]} 12. Be2 {[%clk 1:21:21]} Re8 {[%clk
1:23:29]} 13. h3 {[%clk 1:16:55]} Bh5 {[%clk 1:16:11]} 14. Qb3 {[%clk 1:08:57]}
Bxc3 {[%clk 1:15:12]} 15. bxc3 {[%clk 0:59:11]} Nd5 {[%clk 1:12:45]} 16. c4
{[%clk 0:58:48]} Nxe3 {[%clk 1:11:02]} 17. fxe3 {[%clk 0:59:16]} Qe7 {[%clk
1:08:58]} 18. Kf2 {[%clk 0:58:20]} Rbd8 {[%clk 0:44:07]} 19. Rae1 {[%clk
0:49:04]} Bxf3 {[%clk 0:30:56]} 20. Bxf3 {[%clk 0:47:02]} Qh4+ {[%clk 0:29:54]}
21. g3 {[%clk 0:47:22]} Qxh3 {[%clk 0:29:46]} 22. Qxb7 {[%clk 0:47:22]} Qh2+
{[%clk 0:29:13]} 23. Bg2 {[%clk 0:47:44]} Rd6 {[%clk 0:29:33]} 24. Re2 {[%clk
0:37:00]} Rf6+ {[%clk 0:21:01]} 25. Ke1 {[%clk 0:37:25]} Qxg3+ {[%clk 0:21:15]}
26. Kd2 {[%clk 0:35:04]} Rb8 {[%clk 0:07:56]} 27. Qxc6 {[%clk 0:26:43]} Rxc6
{[%clk 0:07:46]} 28. Bxc6 {[%clk 0:27:11]} Qd6 {[%clk 0:06:46]} 29. Bd5 {[%clk
0:25:32]} Rb2+ {[%clk 0:06:59]} 30. Ke1 {[%clk 0:25:51]} Qg3+ {[%clk 0:07:15]}
0-1

[Event "DVM U20 2016"]
[Site "Borken-Gemen GER"]
[Date "2016.12.28"]
[Round "3"]
[White "Mütsch, Annmarie"]
[Black "Bohnert, Dominik"]
[Result "0-1"]
[Termination "normal"]
[Board "2.4"]
[WhiteElo "2094"]
[BlackElo "2027"]
[WhiteClock "00:17:45"]
[BlackClock "00:24:48"]
[WhiteTeam "SC Eppingen"]
[BlackTeam "SF Sasbach"]
[PlyCount "84"]
[WhiteFideId "12971367"]
[BlackFideId "12918075"]
[EventCountry "GER"]
[EventRounds "7"]
[EventType "team-swiss"]
[EventDate "2016.12.26"]

1. e4 {[%clk 1:30:58]} b6 {[%clk 1:30:46]} 2. d4 {[%clk 1:31:11]} Bb7 {[%clk
1:30:57]} 3. Bd3 {[%clk 1:30:49]} e6 {[%clk 1:30:54]} 4. Ne2 {[%clk 1:30:33]}
d5 {[%clk 1:28:20]} 5. e5 {[%clk 1:30:37]} c5 {[%clk 1:28:10]} 6. c3 {[%clk
1:30:49]} Nc6 {[%clk 1:27:29]} 7. O-O {[%clk 1:30:11]} a6 {[%clk 1:25:25]} 8.
Nd2 {[%clk 1:28:21]} b5 {[%clk 1:23:02]} 9. f4 {[%clk 1:26:56]} g6 {[%clk
1:18:21]} 10. Nf3 {[%clk 1:24:08]} Qd7 {[%clk 1:11:38]} 11. Be3 {[%clk
1:20:51]} c4 {[%clk 1:06:54]} 12. Bc2 {[%clk 1:21:00]} Nge7 {[%clk 1:02:37]}
13. Bf2 {[%clk 1:17:00]} Nc8 {[%clk 1:00:04]} 14. Bh4 {[%clk 1:13:15]} Be7
{[%clk 0:57:33]} 15. Qe1 {[%clk 1:11:38]} Nb6 {[%clk 0:55:08]} 16. Bxe7 {[%clk
1:03:43]} Qxe7 {[%clk 0:52:27]} 17. Qh4 {[%clk 0:52:01]} Qxh4 {[%clk 0:50:59]}
18. Nxh4 {[%clk 0:52:26]} h5 {[%clk 0:50:40]} 19. Nf3 {[%clk 0:50:43]} Ke7
{[%clk 0:49:36]} 20. g3 {[%clk 0:50:01]} b4 {[%clk 0:48:51]} 21. h3 {[%clk
0:49:28]} a5 {[%clk 0:48:30]} 22. Kg2 {[%clk 0:48:20]} Ba6 {[%clk 0:41:40]} 23.
g4 {[%clk 0:44:47]} hxg4 {[%clk 0:39:28]} 24. hxg4 {[%clk 0:45:09]} b3 {[%clk
0:28:55]} 25. Bd1 {[%clk 0:41:17]} Na4 {[%clk 0:25:59]} 26. axb3 {[%clk
0:37:45]} Nxb2 {[%clk 0:24:38]} 27. bxc4 {[%clk 0:26:58]} Bxc4 {[%clk 0:20:19]}
28. Nd2 {[%clk 0:19:36]} Ba6 {[%clk 0:15:32]} 29. Rf2 {[%clk 0:18:54]} Nd3
{[%clk 0:15:29]} 30. Rf1 {[%clk 0:18:58]} Rab8 {[%clk 0:14:19]} 31. Nb3 {[%clk
0:13:54]} Nb2 {[%clk 0:10:52]} 32. Nc5 {[%clk 0:10:39]} Nxd1 {[%clk 0:03:03]}
33. Nxa6 {[%clk 0:10:50]} Ne3+ {[%clk 0:03:03]} 34. Kf2 {[%clk 0:09:26]} Nxg4+
{[%clk 0:01:54]} 35. Kg3 {[%clk 0:09:47]} Rb2 {[%clk 0:02:16]} 36. Rfb1 {[%clk
0:06:29]} Rxe2 {[%clk 0:01:51]} 37. Rb7+ {[%clk 0:06:17]} Kf8 {[%clk 0:01:23]}
38. Kxg4 {[%clk 0:06:33]} Re3 {[%clk 0:01:26]} 39. Nc5 {[%clk 0:03:29]} Rhh3
{[%clk 0:00:45]} 40. Kg5 {[%clk 0:01:53]} Rh5+ {[%clk 0:00:51]} 41. Kg4 {[%clk
0:02:13]} Ne7 {[%clk 0:26:13]} 42. Rxa5 {[%clk 0:17:45]} f5# {[%clk 0:24:48]}
0-1